000
00350nam a2200157Ia 4500
001
10620
003
GE_BSU
008
181216s||||||||xx |||||||||||||| ||und||
040
_c
GE_BSU
245
_a
Paris Match, du 3 au 9 juillet №3398 2014.
245
_b
№3398
260
_c
2014.
300
_a
123p.29cm.
653
_a
Paris Match
942
_c
CR
999
_c
43871
_d
43871